Risky Map Clicking: Biggest States A-Z Quiz Stats

 Plays Quiz Updated Dec 21, 2015

Support Sporcle.
Go Orange.
Score 0/19 Timer 06:00
8 Plays Today
% Correct
???
91.1%
???
82.4%
???
81.2%
???
72%
???
59.1%
???
46.1%
???
44.3%
???
43.3%
???
41.5%
???
37.1%
% Correct
???
32.9%
???
32.8%
???
32%
???
31.9%
???
31.9%
???
25.5%
???
23.4%
???
22.3%
???
21.7%

From the Vault

Taxable Income (US)

by gnomey70

Sadly as time on this expires, you cannot file for an extension.
Remove Ads.
Support Sporcle.
Get the best of Sporcle when you Go Orange. This ad-free experience offers more features, more stats, and more fun while also helping to support Sporcle. Thank you for becoming a member.

Show Comments

Extras

Top Quizzes Today


Score Distribution

Your Account Isn't Verified!

In order to create a playlist on Sporcle, you need to verify the email address you used during registration. Go to your Sporcle Settings to finish the process.

Report this User

Report this user for behavior that violates our Community Guidelines.

Details: